|
|
|
|
| LEADER |
00000nab a2200000 ar4500 |
| 001 |
vtls008963179 |
| 003 |
SK-MaSNL |
| 005 |
20260303070742.0 |
| 008 |
070411c2006 xo qr|p|||an |000 b|slo |
| 015 |
|
|
|a SNBRB2007/04
|
| 038 |
|
|
|a SPK
|
| 040 |
|
|
|a SPKCL
|b slo
|c 1997
|e AACR2
|
| 041 |
0 |
|
|a slo
|b slo
|
| 044 |
|
|
|a xo
|c SK
|
| 072 |
|
7 |
|a 649
|x Domáca starostlivosť o deti, chorých a hostí
|2 ko
|
| 072 |
|
7 |
|a 37
|x Výchova a vzdelávanie
|2 konspekt
|
| 080 |
|
|
|a 649.1
|2 UDC-MRF-SK2
|
| 080 |
|
|
|a 37.018.3
|2 UDC-MRF-SK2
|
| 100 |
1 |
|
|a Škoviera, Albín,
|d 1949-
|4 aut
|9 209971
|
| 245 |
1 |
0 |
|a Od náhradnej výchovy po náhradnú starostlivosť
|c Albín Škoviera
|
| 504 |
|
|
|a Bibliogr. odkazy
|
| 546 |
|
|
|a Res. slov.
|
| 650 |
0 |
7 |
|a náhradná výchova
|2 snkbucl
|9 849430
|
| 650 |
0 |
7 |
|a detské domovy
|2 snkbucl
|9 69524
|
| 773 |
0 |
|
|t Prevencia : informačný bulletin zameraný na prevenciu sociálno-patologických javov v rezorte školstva
|g Roč. V, č. 1 (2006), s. 3-6
|x 1336-3689
|
| 852 |
|
|
|a SPK
|b KIS3GCP
|
| 958 |
|
|
|a NB
|2 spk
|
| 999 |
|
|
|c 1756773
|d 1758703
|